| 000 | 00530nam a2200169Ia 4500 | ||
|---|---|---|---|
| 003 | IN-BaIIA | ||
| 008 | 211028s9999 xx 000 0 eng d | ||
| 040 | _cIIA Library | ||
| 080 |
_a537 _bBEC-4 |
||
| 100 |
_aBecquerel, M. _91743 |
||
| 245 | 0 |
_aTraite experimental de L'electricite et du magnetisme _btome quatrieme _cM. Becquerel |
|
| 260 |
_aParis _bFirmin Didot Freres Libraires _c1836 |
||
| 300 | _axxv, 327p. | ||
| 650 |
_aElectricity _9527 |
||
| 650 |
_aMagnetism _956 |
||
| 942 | _cBK | ||
| 999 |
_c810 _d810 |
||